Album photographique comprenant soixante et une vues exe{u00B4}cute{u00B4}es d'apres̀ les constructions e{u00B4}leve{u00B4}es au nouveau Caire sous le reg̀ne de S.A. le Khe{u00B4}dive Ismail̈-Pacha / (رقم التسجيلة. 159361)

تفاصيل مارك
000 -LEADER
fixed length control field 00910cam a22002294a 4500
008 - FIXED-LENGTH DATA ELEMENTS--GENERAL INFORMATION
fixed length control field 210306s1874 ua 000 0 fre d
040 ## - CATALOGING SOURCE
Original cataloging agency EG-GiCUC
Language of cataloging fre
Transcribing agency EG-GiCUC
043 ## - GEOGRAPHIC AREA CODE
Geographic area code f-ua---
092 04 - LOCALLY ASSIGNED DEWEY CALL NUMBER (OCLC)
Classification number 962.16
Item number A3454221
099 ## - LOCAL FREE-TEXT CALL NUMBER (OCLC)
Classification number 04
-- 962.16 A3454221
245 00 - TITLE STATEMENT
Title Album photographique comprenant soixante et une vues exe{u00B4}cute{u00B4}es d'apres̀ les constructions e{u00B4}leve{u00B4}es au nouveau Caire sous le reg̀ne de S.A. le Khe{u00B4}dive Ismail̈-Pacha /
Statement of responsibility, etc. Émile Béchard; Max Karkégi
260 ## - PUBLICATION, DISTRIBUTION, ETC.
Place of publication, distribution, etc. Cairo;
-- paris :
Name of publisher, distributor, etc. A. Leneg̀re,
Date of publication, distribution, etc. 1874
300 ## - PHYSICAL DESCRIPTION
Extent 1 album (61 photo);
Dimensions 24.5 x 52 cm.
651 #0 - SUBJECT ADDED ENTRY--GEOGRAPHIC NAME
Geographic name Cairo (Egypt)
Form subdivision Photographs.
700 1# - ADDED ENTRY--PERSONAL NAME
Personal name Béchard, Émile
700 1# - ADDED ENTRY--PERSONAL NAME
Personal name Karkégi, Max
902 ## - LOCAL DATA ELEMENT B, LDB (RLIN)
No. of Items 1
905 ## - LOCAL DATA ELEMENT E, LDE (RLIN)
Cataloger Amro L.
Reviser Cat.
905 ## - LOCAL DATA ELEMENT E, LDE (RLIN)
Cataloger Jehan
Reviser Rev.
942 ## - ADDED ENTRY ELEMENTS (KOHA)
Source of classification or shelving scheme Dewey Decimal Classification
Koha item type

لا توجد مواد متاحة.

Cairo University Libraries Portal Implemented & Customized by: Eng. M. Mohamady Contacts: new-lib@cl.cu.edu.eg | cnul@cl.cu.edu.eg
CUCL logo CNUL logo
© All rights reserved — Cairo University Libraries
CUCL logo
Implemented & Customized by: Eng. M. Mohamady Contact: new-lib@cl.cu.edu.eg © All rights reserved — New Central Library
CNUL logo
Implemented & Customized by: Eng. M. Mohamady Contact: cnul@cl.cu.edu.eg © All rights reserved — Cairo National University Library